[Event "GER-ch Youth U14 2019"]
[Site "Willingen"]
[Date "2019.06.11"]
[Round "4.20"]
[White "Wang, Xinyuan"]
[Black "Seng, Alexander"]
[Result "1/2-1/2"]
[WhiteElo "2060"]
[BlackElo "1505"]
[Annotator "NA"]
[PlyCount "74"]
[EventDate "2019.06.07"]
[EventType "swiss"]
[EventRounds "9"]
[EventCountry "GER"]
[SourceTitle "playchess.com"]
[Source "ChessBase"]
[SourceQuality "1"]
[TimeControl "40/5400+30:1800+30"]

1. d4 {[%emt 0:00:00]} Nf6 {[%emt 0:00:00]} 2. c4 {[%emt 0:00:00]} g6 {[%emt 0:00:00]} 3. Nc3 {[%emt 0:00:02]} Bg7 {[%emt 0:00:00]} 4. e4 {[%emt 0:00:08]} d6 {[%emt 0:00:08]} 5. f3 {[%emt 0:00:07]} O-O {[%emt 0:00:20]} 6. Be3 {[%emt 0:00:22]} Nbd7 {[%emt 0:00:17]} 7. Nge2 {[%emt 0:00:16]} c5 {[%emt 0:00:13]} 8. Qd2 {[%emt 0:00:33]} Qa5 {[%emt 0:00:31]} 9. g4 {[%emt 0:03:17]} a6 {[%emt 0:01:43]} 10. Nc1 {[%emt 0:02:46]} cxd4 {[%emt 0:01:35]} 11. Bxd4 {[%emt 0:00:18]} Nc5 {[%emt 0:00:30]} 12. g5 {[%emt 0:03:19]} Nfd7 {[%emt 0:05:35]} 13. Bxg7 {[%emt 0:00:18]} Kxg7 {[%emt 0:00:09]} 14. a3 {[%emt 0:00:12]} Ne6 {[%emt 0:05:56]} 15. f4 {[%emt 0:02:27]} f5 {[%emt 0:04:18]} 16. b4 {[%emt 0:10:55]} Qd8 {[%emt 0:02:14]} 17. exf5 {[%emt 0:01:03]} Rxf5 {[%emt 0:01:29]} 18. Bh3 {[%emt 0:01:18]} Qf8 {[%emt 0:11:10]} 19. Bxf5 {[%emt 0:02:38]} Qxf5 {[%emt 0:00:06]} 20. O-O {[%emt 0:05:29]} Nb6 {[%emt 0:01:07]} 21. Qd3 {[%emt 0:01:47]} Qxd3 {[%emt 0:01:33]} 22. Nxd3 {[%emt 0:00:08]} Nxc4 {[%emt 0:00:09]} 23. Nd5 {[%emt 0:01:27]} Bd7 {[%emt 0:06:16]} 24. Rae1 {[%emt 0:08:00]} Re8 {[%emt 0:02:00]} 25. a4 {[%emt 0:05:20]} Kf7 {[%emt 0:06:50]} 26. a5 {[%emt 0:14:49]} Ng7 {[%emt 0:08:24]} 27. Nc1 {[%emt 0:12:26]} Bc6 {[%emt 0:04:29]} 28. Ne3 {[%emt 0:01:31]} Nd2 {[%emt 0:01:00]} 29. Ng4 {[%emt 0:06:11]} Nf5 {[%emt 0:09:27]} 30. Ne2 {[%emt 0:07:28]} Nxf1 {[%emt 0:02:01]} 31. Kxf1 {[%emt 0:00:10]} Bd7 {[%emt 0:03:02]} 32. Nc3 {[%emt 0:05:00]} Be6 {[%emt 0:01:54]} 33. Ne4 {[%emt 0:01:43]} Rc8 {[%emt 0:03:49]} 34. Nh6+ {[%emt 0:00:24]} Nxh6 {[%emt 0:01:51]} 35. gxh6 {[%emt 0:00:07]} Bc4+ {[%emt 0:02:47]} 36. Kf2 {[%emt 0:00:24]} Rc7 {[%emt 0:02:58]} 37. Ng5+ {[%emt 0:00:48]} Kg8 {[%emt 0:04:34] normal} 1/2-1/2

[Event "GER-ch Youth U14 2019"]
[Site "Willingen"]
[Date "2019.06.11"]
[Round "4.21"]
[White "Divry, Alexandre"]
[Black "May, Ben-Iven"]
[Result "0-1"]
[WhiteElo "1654"]
[BlackElo "1692"]
[Annotator "NA"]
[PlyCount "72"]
[EventDate "2019.06.07"]
[EventType "swiss"]
[EventRounds "9"]
[EventCountry "GER"]
[SourceTitle "playchess.com"]
[Source "ChessBase"]
[SourceQuality "1"]
[TimeControl "40/5400+30:1800+30"]

1. d4 {[%emt 0:00:00]} Nf6 {[%emt 0:00:00]} 2. c4 {[%emt 0:00:00]} g6 {[%emt 0:00:00]} 3. Nc3 {[%emt 0:00:00]} Bg7 {[%emt 0:00:00]} 4. e4 {[%emt 0:00:00]} d6 {[%emt 0:00:00]} 5. Be2 {[%emt 0:00:01]} O-O {[%emt 0:00:00]} 6. Nf3 {[%emt 0:00:01]} e5 {[%emt 0:00:35]} 7. dxe5 {[%emt 0:01:07]} dxe5 {[%emt 0:00:08]} 8. Qxd8 {[%emt 0:00:04]} Rxd8 {[%emt 0:00:03]} 9. Bg5 {[%emt 0:00:57]} Re8 {[%emt 0:08:56]} 10. Nd5 {[%emt 0:01:44]} Nxd5 {[%emt 0:00:11]} 11. cxd5 {[%emt 0:00:01]} c6 {[%emt 0:01:27]} 12. Bc4 {[%emt 0:01:27]} Bd7 {[%emt 0:04:40]} 13. O-O {[%emt 0:02:51]} Na6 {[%emt 0:07:20]} 14. Bxa6 {[%emt 0:03:52]} bxa6 {[%emt 0:00:05]} 15. d6 {[%emt 0:05:52]} f6 {[%emt 0:02:03]} 16. Be3 {[%emt 0:06:11]} f5 {[%emt 0:07:14]} 17. Nd2 {[%emt 0:04:37]} Re6 {[%emt 0:09:49]} 18. Bc5 {[%emt 0:03:21]} Rb8 {[%emt 0:00:59]} 19. Nc4 {[%emt 0:01:24]} Rb7 {[%emt 0:07:36]} 20. f3 {[%emt 0:11:05]} Re8 {[%emt 0:12:36]} 21. Ba3 {[%emt 0:10:30]} Rb5 {[%emt 0:06:30]} 22. Rfd1 {[%emt 0:06:59]} Rf8 {[%emt 0:07:01]} 23. Nd2 {[%emt 0:05:13]} Bh6 {[%emt 0:03:18]} 24. Nb3 {[%emt 0:03:26]} Be3+ {[%emt 0:00:36]} 25. Kf1 {[%emt 0:04:11]} fxe4 {[%emt 0:03:07]} 26. Ke2 {[%emt 0:01:16]} Bb6 {[%emt 0:00:42]} 27. Nd2 {[%emt 0:02:46]} exf3+ {[%emt 0:00:54]} 28. Nxf3 {[%emt 0:00:02]} e4 {[%emt 0:01:22]} 29. Nd4 {[%emt 0:02:03]} Bg4+ {[%emt 0:02:02]} 30. Ke1 {[%emt 0:00:27]} Rd5 {[%emt 0:01:38]} 31. Nxc6 Bf2+ {[%emt 0:02:31]} 32. Kf1 {[%emt 0:08:22]} e3 {[%emt 0:08:20]} 33. Ne7+ {[%emt 0:05:20]} Kg7 {[%emt 0:00:18]} 34. Re1 {[%emt 0:04:49]} Bxe1+ {[%emt 0:00:01]} 35. Kxe1 {[%emt 0:02:13]} e2 {[%emt 0:00:17]} 36. Nf5+ {[%emt 0:01:53]} Rfxf5 {[%emt 0:00:15] normal} 0-1

[Event "GER-ch Youth U14 2019"]
[Site "Willingen"]
[Date "2019.06.11"]
[Round "4.22"]
[White "Straub, Benno"]
[Black "Wildermuth, Nikolas Karl"]
[Result "1-0"]
[WhiteElo "1490"]
[BlackElo "1748"]
[Annotator "NA"]
[PlyCount "25"]
[EventDate "2019.06.07"]
[EventType "swiss"]
[EventRounds "9"]
[EventCountry "GER"]
[SourceTitle "playchess.com"]
[Source "ChessBase"]
[SourceQuality "1"]
[TimeControl "40/5400+30:1800+30"]

1. e4 {[%emt 0:00:00]} c5 {[%emt 0:00:00]} 2. c3 {[%emt 0:00:00]} Nf6 {[%emt 0:00:00]} 3. e5 {[%emt 0:00:00]} Nd5 {[%emt 0:00:00]} 4. d4 {[%emt 0:00:00]} cxd4 {[%emt 0:00:00]} 5. cxd4 {[%emt 0:00:00]} e6 {[%emt 0:00:07]} 6. Nf3 {[%emt 0:00:13]} b6 {[%emt 0:00:13]} 7. Be2 {[%emt 0:00:34]} Bb7 {[%emt 0:00:17]} 8. O-O {[%emt 0:00:08]} d6 {[%emt 0:00:12]} 9. Nc3 {[%emt 0:00:55]} Nxc3 {[%emt 0:02:01]} 10. bxc3 {[%emt 0:00:06]} Nd7 {[%emt 0:01:51]} 11. Bf4 {[%emt 0:00:33]} dxe5 {[%emt 0:01:17]} 12. Nxe5 {[%emt 0:00:51]} Be7 {[%emt 0:02:39]} 13. Bb5 {[%emt 0:00:27] normal} 1-0

[Event "GER-ch Youth U14 2019"]
[Site "Willingen"]
[Date "2019.06.12"]
[Round "5.1"]
[White "Colbow, Collin"]
[Black "Krastev, Alexander"]
[Result "0-1"]
[WhiteElo "2169"]
[BlackElo "2344"]
[Annotator "NA RC"]
[PlyCount "93"]
[EventDate "2019.06.07"]
[EventType "swiss"]
[EventRounds "9"]
[EventCountry "GER"]
[SourceTitle "playchess.com"]
[Source "ChessBase"]
[SourceQuality "1"]
[TimeControl "40/5400+30:1800+30"]

1. e4 {[%emt 0:00:00]} c5 {[%emt 0:00:00]} 2. Nf3 {[%emt 0:00:27]} Nc6 {[%emt 0:00:00]} 3. d4 {[%emt 0:00:07]} cxd4 {[%emt 0:00:00]} 4. Nxd4 {[%emt 0:00:05]} g6 {[%emt 0:00:00]} 5. Nc3 {[%emt 0:00:36]} Bg7 {[%emt 0:00:00]} 6. Be3 {[%emt 0:00:09]} Nf6 {[%emt 0:00:02]} 7. Bc4 {[%emt 0:01:03]} O-O {[%emt 0:00:06]} 8. Bb3 {[%emt 0:00:03]} Re8 {[%emt 0:00:17]} 9. O-O {[%emt 0:04:21]} d6 {[%emt 0:00:07]} 10. h3 {[%emt 0:00:45]} Na5 {[%emt 0:00:34]} 11. Qf3 {[%emt 0:09:33]} b6 {[%emt 0:25:24]} 12. Rfd1 {[%emt 0:19:52]} Bb7 {[%emt 0:06:53]} 13. Bg5 {[%emt 0:06:30]} Nxb3 {[%emt 0:24:44]} 14. axb3 {[%emt 0:04:12]} h6 {[%emt 0:06:51]} 15. Bxf6 {[%emt 0:02:11]} Bxf6 {[%emt 0:00:20]} 16. Nd5 {[%emt 0:01:47]} Bh8 {[%emt 0:07:28]} 17. Nb5 {[%emt 0:04:20]} a6 {[%emt 0:01:12]} 18. Nbc3 {[%emt 0:07:05]} Bg7 {[%emt 0:07:04]} 19. Qe3 {[%emt 0:02:07]} b5 {[%emt 0:00:06]} 20. b4 {[%emt 0:05:54]} e6 {[%emt 0:04:15]} 21. Nf4 {[%emt 0:03:05]} Qc7 {[%emt 0:00:10]} 22. Rd3 {[%emt 0:03:21]} Rac8 {[%emt 0:01:50]} 23. Qd2 {[%emt 0:02:21]} Qb8 {[%emt 0:01:54]} 24. Nfe2 {[%emt 0:04:57]} Bf8 {[%emt 0:02:50]} 25. b3 {[%emt 0:01:35]} Rc7 {[%emt 0:01:16]} 26. Rd1 {[%emt 0:01:35]} Rec8 {[%emt 0:01:41]} 27. Qe3 {[%emt 0:00:43]} Bg7 {[%emt 0:01:35]} 28. Nb1 {[%emt 0:07:16]} Bf8 {[%emt 0:06:09]} 29. Nbc3 {[%emt 0:01:18]} Ba8 {[%emt 0:00:48]} 30. f3 {[%emt 0:03:07]} Qa7 {[%emt 0:00:37]} 31. Kf2 {[%emt 0:01:56]} Qxe3+ {[%emt 0:00:21]} 32. Kxe3 {[%emt 0:00:28]} Bg7 {[%emt 0:00:18]} 33. Kd2 {[%emt 0:00:30]} Kf8 {[%emt 0:00:25]} 34. Rc1 {[%emt 0:00:20]} h5 {[%emt 0:00:51]} 35. Nd1 {[%emt 0:01:29]} d5 {[%emt 0:00:38]} 36. exd5 {[%emt 0:00:36]} Bxd5 {[%emt 0:00:04]} 37. Ne3 {[%emt 0:01:04]} Bh6 {[%emt 0:00:12]} 38. f4 {[%emt 0:01:07]} Be4 {[%emt 0:00:35]} 39. Rd4 {[%emt 0:00:32]} Bb7 {[%emt 0:00:40]} 40. g4 {[%emt 0:01:01]} hxg4 {[%emt 0:01:00]} 41. Nxg4 {[%emt 0:06:42]} Bg7 {[%emt 0:00:27]} 42. Ne5 {[%emt 0:00:21]} g5 {[%emt 0:05:12]} 43. Rd3 {[%emt 0:15:01]} gxf4 {[%emt 0:01:08]} 44. Nd7+ {[%emt 0:00:47]} Ke7 {[%emt 0:00:26]} 45. Nc5 {[%emt 0:03:40]} f3 {[%emt 0:01:20]} 46. Nd4 {[%emt 0:02:03]} Bh6+ {[%emt 0:00:24]} 47. Re3 {[%emt 0:00:48] normal} 0-1

[Event "GER-ch Youth U14 2019"]
[Site "Willingen"]
[Date "2019.06.12"]
[Round "5.2"]
[White "Bethke, Richard"]
[Black "Pubantz, Jan"]
[Result "1-0"]
[WhiteElo "2246"]
[BlackElo "2192"]
[Annotator "NA"]
[PlyCount "72"]
[EventDate "2019.06.07"]
[EventType "swiss"]
[EventRounds "9"]
[EventCountry "GER"]
[SourceTitle "playchess.com"]
[Source "ChessBase"]
[SourceQuality "1"]
[TimeControl "40/5400+30:1800+30"]

1. e4 {[%emt 0:00:00]} c6 {[%emt 0:00:00]} 2. d4 {[%emt 0:00:00]} d5 {[%emt 0:00:00]} 3. e5 {[%emt 0:00:01]} Bf5 {[%emt 0:00:23]} 4. h4 {[%emt 0:00:14]} h5 {[%emt 0:00:51]} 5. Bd3 {[%emt 0:00:14]} Qd7 {[%emt 0:03:55]} 6. Ne2 {[%emt 0:05:46]} Bxd3 {[%emt 0:03:42]} 7. Qxd3 {[%emt 0:00:13]} e6 {[%emt 0:00:21]} 8. Nbc3 {[%emt 0:02:07]} c5 {[%emt 0:07:20]} 9. dxc5 {[%emt 0:01:10]} Nc6 {[%emt 0:12:13]} 10. Nd4 {[%emt 0:05:48]} Bxc5 {[%emt 0:06:56]} 11. Nxc6 {[%emt 0:02:42]} bxc6 {[%emt 0:00:43]} 12. Na4 {[%emt 0:02:56]} Be7 {[%emt 0:07:05]} 13. Be3 {[%emt 0:15:14]} Nh6 {[%emt 0:02:06]} 14. f3 {[%emt 0:08:59]} Qd8 {[%emt 0:06:12]} 15. Qa6 {[%emt 0:05:15]} Qc8 {[%emt 0:12:19]} 16. Qxc8+ {[%emt 0:02:52]} Rxc8 {[%emt 0:00:05]} 17. Bc5 {[%emt 0:00:59]} Rb8 {[%emt 0:04:06]} 18. Kd2 {[%emt 0:15:17]} Rb5 {[%emt 0:04:30]} 19. Bf2 {[%emt 0:20:20]} Kd7 {[%emt 0:07:48]} 20. b3 {[%emt 0:01:04]} Nf5 {[%emt 0:01:19]} 21. Bxa7 {[%emt 0:02:17]} c5 {[%emt 0:07:40]} 22. Rac1 {[%emt 0:02:43]} Kc6 {[%emt 0:03:55]} 23. c4 {[%emt 0:04:22]} dxc4 {[%emt 0:04:23]} 24. Rxc4 {[%emt 0:00:23]} Rd8+ {[%emt 0:00:44]} 25. Kc3 {[%emt 0:01:00]} Ra8 {[%emt 0:02:26]} 26. Bxc5 {[%emt 0:00:27]} Bxc5 {[%emt 0:00:11]} 27. Rd1 {[%emt 0:00:33]} Raa5 {[%emt 0:01:36]} 28. Rd8 {[%emt 0:00:06]} Kb7 {[%emt 0:00:35]} 29. Rd7+ {[%emt 0:00:03]} Ka6 {[%emt 0:00:25]} 30. Rxf7 {[%emt 0:00:20]} Bb6 31. Rc8 {[%emt 0:01:02]} Rc5+ {[%emt 0:01:07]} 32. Nxc5+ {[%emt 0:00:09]} Rxc5+ {[%emt 0:00:05]} 33. Rxc5 {[%emt 0:00:05]} Bxc5 {[%emt 0:00:03]} 34. g4 {[%emt 0:00:34]} hxg4 {[%emt 0:01:15]} 35. fxg4 {[%emt 0:00:05]} Nxh4 {[%emt 0:00:07]} 36. Rxg7 {[%emt 0:00:06]} Nf3 {[%emt 0:01:00] normal} 1-0

[Event "GER-ch Youth U14 2019"]
[Site "Willingen"]
[Date "2019.06.12"]
[Round "5.3"]
[White "Weihrauch, Jakob"]
[Black "Eilenberg, Jonas"]
[Result "1/2-1/2"]
[WhiteElo "2158"]
[BlackElo "1934"]
[Annotator "NA"]
[PlyCount "56"]
[EventDate "2019.06.07"]
[EventType "swiss"]
[EventRounds "9"]
[EventCountry "GER"]
[SourceTitle "playchess.com"]
[Source "ChessBase"]
[SourceQuality "1"]
[TimeControl "40/5400+30:1800+30"]

1. e4 {[%emt 0:00:00]} c5 {[%emt 0:00:00]} 2. Nf3 {[%emt 0:00:00]} Nc6 {[%emt 0:00:00]} 3. d4 {[%emt 0:00:40]} cxd4 {[%emt 0:00:03]} 4. Nxd4 {[%emt 0:00:06]} Nf6 {[%emt 0:00:11]} 5. Nc3 {[%emt 0:01:23]} e5 {[%emt 0:00:18]} 6. Ndb5 {[%emt 0:00:17]} d6 {[%emt 0:00:28]} 7. Bg5 {[%emt 0:00:57]} a6 {[%emt 0:00:30]} 8. Na3 {[%emt 0:00:01]} b5 {[%emt 0:00:08]} 9. Nd5 {[%emt 0:00:15]} Be7 {[%emt 0:00:10]} 10. Bxf6 {[%emt 0:00:10]} Bxf6 {[%emt 0:00:12]} 11. c3 {[%emt 0:00:15]} O-O {[%emt 0:01:12]} 12. Nc2 {[%emt 0:02:15]} Rb8 {[%emt 0:00:22]} 13. Bd3 {[%emt 0:03:25]} Be6 {[%emt 0:06:01]} 14. Nce3 {[%emt 0:03:43]} Bg5 {[%emt 0:02:37]} 15. O-O {[%emt 0:03:34]} Ne7 {[%emt 0:07:24]} 16. Nxe7+ {[%emt 0:11:40]} Qxe7 {[%emt 0:04:22]} 17. Qe2 {[%emt 0:00:30]} g6 {[%emt 0:14:16]} 18. a4 {[%emt 0:07:40]} f5 {[%emt 0:02:55]} 19. exf5 {[%emt 0:07:30]} gxf5 {[%emt 0:00:14]} 20. f4 {[%emt 0:05:45]} Bxf4 {[%emt 0:05:07]} 21. axb5 {[%emt 0:07:18]} Qa7 {[%emt 0:05:40]} 22. Rfe1 {[%emt 0:02:46]} Qxe3+ {[%emt 0:00:45]} 23. Qxe3 {[%emt 0:00:08]} Bxe3+ {[%emt 0:00:02]} 24. Rxe3 {[%emt 0:00:09]} f4 {[%emt 0:02:24]} 25. Ree1 {[%emt 0:03:10]} axb5 {[%emt 0:00:56]} 26. Ra6 {[%emt 0:01:13]} Rfd8 {[%emt 0:02:17]} 27. g3 {[%emt 0:01:05]} fxg3 {[%emt 0:00:53]} 28. hxg3 {[%emt 0:00:56]} Rd7 {[%emt 0:03:26] normal} 1/2-1/2

[Event "GER-ch Youth U14 2019"]
[Site "Willingen"]
[Date "2019.06.12"]
[Round "5.4"]
[White "Musiolik, David"]
[Black "von Krosigk, Florian"]
[Result "0-1"]
[WhiteElo "2132"]
[BlackElo "1926"]
[Annotator "NA"]
[PlyCount "93"]
[EventDate "2019.06.07"]
[EventType "swiss"]
[EventRounds "9"]
[EventCountry "GER"]
[SourceTitle "playchess.com"]
[Source "ChessBase"]
[SourceQuality "1"]
[TimeControl "40/5400+30:1800+30"]

1. e4 {[%emt 0:00:00]} c5 {[%emt 0:00:00]} 2. Nf3 {[%emt 0:00:00]} d6 {[%emt 0:00:00]} 3. d4 {[%emt 0:00:00]} cxd4 {[%emt 0:00:00]} 4. Nxd4 {[%emt 0:00:00]} Nf6 {[%emt 0:00:00]} 5. Nc3 {[%emt 0:00:00]} a6 {[%emt 0:00:08]} 6. Be2 {[%emt 0:00:06]} e5 {[%emt 0:01:03]} 7. Nb3 {[%emt 0:00:06]} Be7 {[%emt 0:00:08]} 8. O-O {[%emt 0:00:10]} O-O {[%emt 0:00:09]} 9. Re1 {[%emt 0:00:33]} Be6 {[%emt 0:05:33]} 10. Bf3 {[%emt 0:01:02]} Nc6 {[%emt 0:04:17]} 11. Nd5 {[%emt 0:03:03]} a5 {[%emt 0:10:09]} 12. a4 {[%emt 0:06:31]} Nb4 {[%emt 0:14:55]} 13. Nxb4 {[%emt 0:03:11]} axb4 {[%emt 0:00:12]} 14. Bd2 {[%emt 0:00:54]} d5 {[%emt 0:06:17]} 15. Bg5 {[%emt 0:10:55]} Nxe4 {[%emt 0:16:57]} 16. Bxe7 {[%emt 0:01:07]} Qxe7 {[%emt 0:02:35]} 17. Bxe4 {[%emt 0:00:11]} dxe4 {[%emt 0:00:04]} 18. Rxe4 {[%emt 0:00:12]} Qc7 {[%emt 0:04:26]} 19. Rxb4 {[%emt 0:02:56]} Rac8 {[%emt 0:01:32]} 20. c3 {[%emt 0:01:33]} Rfd8 {[%emt 0:00:38]} 21. Qf3 {[%emt 0:02:18]} Bd5 {[%emt 0:00:35]} 22. Qe3 {[%emt 0:00:55]} Qd6 {[%emt 0:02:26]} 23. f3 {[%emt 0:06:17]} f6 {[%emt 0:08:33]} 24. Nd2 {[%emt 0:02:44]} Bc6 {[%emt 0:13:20]} 25. Nc4 {[%emt 0:01:20]} Qe6 {[%emt 0:01:55]} 26. a5 {[%emt 0:05:35]} Rc7 {[%emt 0:01:24]} 27. Nb6 {[%emt 0:01:01]} f5 {[%emt 0:00:43]} 28. Re1 {[%emt 0:04:16]} e4 {[%emt 0:00:42]} 29. Rd4 {[%emt 0:00:13]} Rf8 {[%emt 0:01:33]} 30. Qf4 {[%emt 0:01:04]} Rcf7 {[%emt 0:01:02]} 31. Nc4 {[%emt 0:00:31]} g5 {[%emt 0:01:40]} 32. Qd6 {[%emt 0:01:11]} Qe8 {[%emt 0:00:44]} 33. Qc5 {[%emt 0:01:08]} Rc7 {[%emt 0:02:03]} 34. b4 {[%emt 0:08:36]} Qf7 {[%emt 0:00:42]} 35. Nd6 {[%emt 0:02:51]} Qg7 {[%emt 0:00:22]} 36. b5 {[%emt 0:03:37]} Be8 {[%emt 0:00:40]} 37. Qd5+ {[%emt 0:06:25]} Bf7 {[%emt 0:00:27]} 38. Qxf5 {[%emt 0:00:20]} Rxc3 {[%emt 0:00:32]} 39. Qxe4 {[%emt 0:01:04]} Ra3 {[%emt 0:00:23]} 40. Nf5 {[%emt 0:04:09]} Qf6 {[%emt 0:00:32]} 41. Rd6 {[%emt 0:33:42]} Qc3 {[%emt 0:00:39]} 42. a6 {[%emt 0:00:00]} bxa6 {[%emt 0:12:45]} 43. bxa6 {[%emt 0:00:00]} Ra1 {[%emt 0:01:41]} 44. Ne7+ {[%emt 0:00:00]} Kg7 {[%emt 0:03:00]} 45. Rxa1 {[%emt 0:00:00]} Qxa1+ {[%emt 0:00:01]} 46. Kf2 {[%emt 0:00:00]} Re8 {[%emt 0:01:41] normal} 47. Kg3 {[%emt 0:00:00] normal} 0-1

[Event "GER-ch Youth U14 2019"]
[Site "Willingen"]
[Date "2019.06.12"]
[Round "5.5"]
[White "Lutz, Ruben"]
[Black "Elsner, Robert"]
[Result "1-0"]
[WhiteElo "2055"]
[BlackElo "1745"]
[Annotator "NA"]
[PlyCount "53"]
[EventDate "2019.06.07"]
[EventType "swiss"]
[EventRounds "9"]
[EventCountry "GER"]
[SourceTitle "playchess.com"]
[Source "ChessBase"]
[SourceQuality "1"]
[TimeControl "40/5400+30:1800+30"]

1. d4 {[%emt 0:00:00]} Nf6 {[%emt 0:00:00]} 2. Bf4 {[%emt 0:00:00]} g6 {[%emt 0:00:29]} 3. Nc3 {[%emt 0:00:07]} Bg7 {[%emt 0:00:32]} 4. e4 {[%emt 0:00:14]} d6 {[%emt 0:00:03]} 5. Qd2 {[%emt 0:00:11]} Nbd7 {[%emt 0:00:10]} 6. O-O-O {[%emt 0:01:40]} O-O {[%emt 0:07:07]} 7. Nf3 {[%emt 0:00:23]} c5 {[%emt 0:09:29]} 8. dxc5 {[%emt 0:00:55]} Nxc5 {[%emt 0:03:01]} 9. e5 {[%emt 0:00:14]} Nfe4 {[%emt 0:00:30]} 10. Nxe4 {[%emt 0:00:06]} Nxe4 {[%emt 0:00:02]} 11. Qe3 {[%emt 0:00:07]} d5 {[%emt 0:00:32]} 12. Kb1 {[%emt 0:00:41]} f6 {[%emt 0:23:04]} 13. Bc4 {[%emt 0:39:12]} e6 {[%emt 0:00:51]} 14. exf6 {[%emt 0:09:41]} Bxf6 {[%emt 0:01:31]} 15. Bd3 {[%emt 0:05:12]} Nd6 {[%emt 0:17:52]} 16. Be5 {[%emt 0:02:29]} Nf5 {[%emt 0:02:45]} 17. Bxf5 {[%emt 0:03:17]} gxf5 {[%emt 0:00:27]} 18. Rhe1 {[%emt 0:00:54]} Bd7 {[%emt 0:01:10]} 19. Bxf6 {[%emt 0:02:01]} Qxf6 {[%emt 0:00:14]} 20. Qe5 {[%emt 0:01:20]} Rae8 {[%emt 0:00:50]} 21. Nd4 {[%emt 0:01:49]} Qxe5 {[%emt 0:00:33]} 22. Rxe5 {[%emt 0:00:07]} b5 {[%emt 0:07:51]} 23. Rd3 {[%emt 0:01:58]} Kf7 {[%emt 0:00:44]} 24. Ra3 {[%emt 0:01:26]} Ra8 {[%emt 0:00:09]} 25. Ra6 {[%emt 0:02:06]} Rfe8 26. c3 {[%emt 0:03:43] normal} Rg8 {[%emt 0:05:55]} 27. g3 {[%emt 0:00:51] normal} 1-0

[Event "GER-ch Youth U14 2019"]
[Site "Willingen"]
[Date "2019.06.12"]
[Round "5.6"]
[White "Roehr, Oliver"]
[Black "Gallasch, Jonas"]
[Result "1/2-1/2"]
[WhiteElo "1960"]
[BlackElo "2137"]
[Annotator "NA"]
[PlyCount "92"]
[EventDate "2019.06.07"]
[EventType "swiss"]
[EventRounds "9"]
[EventCountry "GER"]
[SourceTitle "playchess.com"]
[Source "ChessBase"]
[SourceQuality "1"]
[TimeControl "40/5400+30:1800+30"]

1. e4 {[%emt 0:00:00]} c6 {[%emt 0:00:00]} 2. d4 {[%emt 0:00:00]} d5 {[%emt 0:00:00]} 3. e5 {[%emt 0:00:00]} Bf5 {[%emt 0:00:12]} 4. h4 {[%emt 0:00:00]} h5 {[%emt 0:00:17]} 5. Bd3 {[%emt 0:00:15]} Bxd3 {[%emt 0:00:20]} 6. Qxd3 {[%emt 0:00:06]} e6 {[%emt 0:00:14]} 7. Bg5 {[%emt 0:00:49]} Qb6 {[%emt 0:00:46]} 8. Nd2 {[%emt 0:01:11]} Ne7 {[%emt 0:03:05]} 9. Ne2 {[%emt 0:09:41]} Nd7 {[%emt 0:01:37]} 10. O-O {[%emt 0:21:39]} c5 {[%emt 0:04:51]} 11. c3 {[%emt 0:02:30]} Nc6 {[%emt 0:11:20]} 12. Nf3 {[%emt 0:04:21]} Rb8 {[%emt 0:05:22]} 13. Nf4 {[%emt 0:09:39]} Be7 {[%emt 0:09:00]} 14. Rfb1 {[%emt 0:20:01]} cxd4 {[%emt 0:02:19]} 15. cxd4 {[%emt 0:02:23]} Bxg5 {[%emt 0:23:34]} 16. hxg5 {[%emt 0:01:16]} Nb4 {[%emt 0:00:14]} 17. Qd2 {[%emt 0:02:01]} g6 {[%emt 0:00:46]} 18. a3 {[%emt 0:01:41]} Nc6 {[%emt 0:00:19]} 19. b4 {[%emt 0:00:59]} Kf8 {[%emt 0:04:20]} 20. b5 {[%emt 0:02:15]} Ne7 {[%emt 0:01:37]} 21. Qb4 {[%emt 0:00:49]} a5 {[%emt 0:03:05]} 22. bxa6 {[%emt 0:01:14]} bxa6 {[%emt 0:00:14]} 23. Qe1 {[%emt 0:03:18]} Qa7 {[%emt 0:00:46]} 24. Rxb8+ {[%emt 0:01:06]} Nxb8 {[%emt 0:00:13]} 25. Nd3 {[%emt 0:06:31]} Nbc6 {[%emt 0:01:15]} 26. Qc3 {[%emt 0:02:21]} Kg7 {[%emt 0:01:28]} 27. Rb1 {[%emt 0:01:44]} Rc8 {[%emt 0:00:43]} 28. Qc5 {[%emt 0:02:34]} Qxc5 {[%emt 0:07:34]} 29. dxc5 {[%emt 0:01:16]} Rb8 {[%emt 0:03:11]} 30. Rxb8 {[%emt 0:00:18]} Nxb8 {[%emt 0:00:05]} 31. Nd4 {[%emt 0:01:33]} Nec6 {[%emt 0:00:37]} 32. Nb3 {[%emt 0:00:48]} Kf8 {[%emt 0:00:52]} 33. f4 {[%emt 0:00:16]} Ke8 {[%emt 0:00:34]} 34. Kf2 {[%emt 0:00:07]} Kd8 {[%emt 0:01:44]} 35. Ke3 {[%emt 0:00:12]} Kc7 {[%emt 0:00:48]} 36. g3 {[%emt 0:00:10]} Ne7 {[%emt 0:03:07]} 37. Nb4 {[%emt 0:01:54]} Nec6 {[%emt 0:02:41]} 38. Nxc6 {[%emt 0:00:42]} Nxc6 {[%emt 0:00:14]} 39. Kd3 {[%emt 0:00:37]} Kd7 {[%emt 0:05:39]} 40. Kc3 {[%emt 0:00:53]} Kc7 {[%emt 0:01:22]} 41. Kd3 {[%emt 0:05:45]} Kb7 {[%emt 0:03:52]} 42. Kc3 {[%emt 0:01:23]} Na7 {[%emt 0:01:24]} 43. Nd4 {[%emt 0:06:31]} Nc6 {[%emt 0:08:29]} 44. Nb3 {[%emt 0:01:20]} a5 {[%emt 0:04:00]} 45. a4 {[%emt 0:01:50]} Ka6 {[%emt 0:00:34]} 46. Nd4 {[%emt 0:01:26]} Ne7 {[%emt 0:05:07] normal} 1/2-1/2